| 000 | 00724nam a2200265 a 4500 | ||
|---|---|---|---|
| 001 | nice12345678 | ||
| 003 | IN_TiNIC | ||
| 005 | 20260116011614.0 | ||
| 008 | 050524s1939 dela grp 000 0 eng | ||
| 020 |
_a _c100 |
||
| 082 | 0 | 0 |
_a323.39710954 _bKHA |
| 100 | _aKhan, Liaquat Ali | ||
| 245 |
_aWar _b Problem of India`s Future Constitution, What Muslim India and Its |
||
| 260 |
_aDelhi _bAll India Assot. for Christian Higher Ed _c1939 |
||
| 300 | _a81p | ||
| 500 | _aincludes index and biblioraphy | ||
| 505 | 2 | _aIndex | |
| 650 | _aMuslims-India-Politics | ||
| 650 | _aMuslim League | ||
| 650 | _aIndia-History Mideaval | ||
| 700 | 1 | _aKhan, Liaquat Ali | |
| 902 | _bSRS | ||
| 942 | _cBK | ||
| 999 |
_c2849 _d2849 |
||